| 000 | 00730nam a2200217 a 4500 | ||
|---|---|---|---|
| 999 |
_c4585 _d4585 |
||
| 001 | 4585 | ||
| 003 | BD-JhCC | ||
| 005 | 20171128185806.0 | ||
| 008 | 171128s1971 ii |||| ||a| 001 0 bg d | ||
| 035 | _a(BD-JhCC)4585 | ||
| 040 |
_aBD-JhCC _dBD-JhCC |
||
| 041 | _aben | ||
| 082 |
_a954.92 _bBAN 1971 |
||
| 100 | _aবন্দ্যোপাধ্যায়, রাখালদাস | ||
| 245 |
_aবাঙ্গালার ইতিহাস / _cরাখালদাস বন্দ্যোপাধ্যায়, |
||
| 260 |
_aকলিকাতা : _bনবভারত পাবলিশার্স, _c1971. |
||
| 300 |
_a316 p. : _c20 cm. |
||
| 650 | _aHistory Bangladesh | ||
| 942 |
_2ddc _cBK |
||